000 00614nam a2200205 4500
001 139653
003 ES-MaACL
005 20230906195850.0
007 t|
008 070214s1912 fr r ||||1| fre d
080 _a39(469)"18"(093.32)
100 1 _aAbrantes, Laure Junot,
_cduchesse d'
_918145
245 1 3 _aLe Portugal il y a cent ans
_b: souvenirs d'une ambassadrice /
_cAlbert Savine.
260 _aParis :
_bF. Schmidt,
_c1912.
300 _a190 p. ;
_c19 cm.
651 4 _aPortugal-
_xDescripción.
_99251
700 0 _aSavine, Albert.
_9104073
852 _aES-MaACL
_jD-1244
999 _c139653
_d139653